ၸႃႇတၵလိူၵ်ႈထွၼ် (Record no. 6331)

000 -LEADER
fixed length control field 00666nam a22002057a 4500
003 - CONTROL NUMBER IDENTIFIER
control field OSt
005 - DATE AND TIME OF LATEST TRANSACTION
control field 20260128092944.0
008 - FIXED-LENGTH DATA ELEMENTS--GENERAL INFORMATION
fixed length control field 210829b ||||| |||| 00| 0 eng d
040 ## - CATALOGING SOURCE
Transcribing agency OSt
041 ## - LANGUAGE CODE
Language code of text/sound track or separate title Shan
082 ## - DEWEY DECIMAL CLASSIFICATION NUMBER
Classification number 294.382325
245 ## - TITLE STATEMENT
Title ၸႃႇတၵလိူၵ်ႈထွၼ်
260 ## - PUBLICATION, DISTRIBUTION, ETC.
Place of publication, distribution, etc. တႃႈၵုင်ႈ
Name of publisher, distributor, etc. ၵတ်း
Date of publication, distribution, etc. 2009
300 ## - PHYSICAL DESCRIPTION
Extent (ၵ)၊ 244 ၼႃႈ
Dimensions 23 ၸိၼ်ႇထီႇ
500 ## - GENERAL NOTE
General note S-SAT: Dr. Prof Sai Aung Tun
650 ## - SUBJECT ADDED ENTRY--TOPICAL TERM
Topical term or geographic name entry element ၸႃႇတၵ
710 ## - ADDED ENTRY--CORPORATE NAME
Corporate name or jurisdiction name as entry element ၸဝ်ႈဝိၸိတ်ႉတသႃႇရ (ၵုတ်ႉၶၢႆ) ပိၼ်ႇတႅမ်ႈ-
942 ## - ADDED ENTRY ELEMENTS (KOHA)
Koha item type Books (Long term)
650 ## - SUBJECT ADDED ENTRY--TOPICAL TERM
9 (RLIN) 20664
710 ## - ADDED ENTRY--CORPORATE NAME
9 (RLIN) 65810
Source of classification or shelving scheme
Holdings
Withdrawn status Lost status Source of classification or shelving scheme Damaged status Not for loan Collection Code Permanent Location Current Location Shelving location Date acquired Total Checkouts Full call number Barcode Date last seen Copy number Price effective from Koha item type Accession Date last checked out
          Tai Collection Shan State Buddhist University Library Shan State Buddhist University Library Tai Shelves 29/08/2021   294.382353 ၸႃႇ ႔႕႕(1) SH00000455 29/08/2021 1 29/08/2021 Books (Long term) ႔႕႕(1)  
          Tai Collection Shan State Buddhist University Library Shan State Buddhist University Library Tai Shelves 29/08/2021 2 294.382353 ၸႃႇ ႘႔႘(2) SH00000848 27/02/2025 2 29/08/2021 Books (Long term) ႘႔႘(2) 04/02/2025
          Tai Collection Shan State Buddhist University Library Shan State Buddhist University Library Tai Shelves 29/08/2021   294.382353 ၸႃႇ ႘႔႙(3) SH00000849 29/08/2021 3 29/08/2021 Books (Long term) ႘႔႙(3)  
          Tai Collection Shan State Buddhist University Library Shan State Buddhist University Library Tai Shelves 29/08/2021   294.382325 ၸႃႇ ႑႗႓႑ S-SAT SH00001731 29/08/2021 4 29/08/2021 Reference ႑႗႓႑ S-SAT  

Library - 09407999929
Admin Office - 09407999979
Dean Office - 09250910768
Registrar Office - 09892297154
Email - [email protected]
Shan State Buddhist University, Phaya Phyu Taunggyi, Shan State, Myanmar.